1081 1494 1398 1532 1473 1865 1537 1817 1818 1443 1325 1395 1404 1861 1154 1920 1338 1375 1624 1081 1314 1048 1089 1243 1003 1747 1392 1673 1486 1749 1357 1877 1082 1431 1158 1802 1458 1323 1715 1454 1252 1047 1343 1441 1253 1471 1858 1306 1600 1646 1249 1230 1297 1254 1120 1731 1910 1017 1498 1082 1647 1362 1901 1445 1406 1258 1538 1362 1042 1848 1325 1535 1356 1487 1010 1605 1123 1162 1637 1525 1698 1698 1272 1072 1677 1477 1499 1236 1564 1709 1293 1231 1282 1441 1001 1962 1749 1936 1720 BCNSPRNW ULIB Ver.6.0+V

เปลี่ยนเป็นภาษาไทย

Change to English
 แสดงรายละเอียดบรรณานุกรม
  กลับหน้าหลัก

Brief Record : Get Marc (ISO 2709) : E-mail record : QR code < ปิดหน้าต่าง
LEADER : 00000nam 2200000uu 4500
001    13399112878
003     ULIB
008    110915s2550||||th 000 0 tha d
020    9747150689
060  4 WQ200^bช424ล 2550
100 0  ชัยรัตน์ ปัณฑุรอัมพร
245 10 ลูกฉลาดได้ตั้งแต่อยู่ในครรภ์/^cชัยรัตน์ ปัณฑุรอัมพร
250    พิมพ์ครั้งที่ 28
260    กรุงเทพฯ :^bรักลูกบุ๊คส์,^c2550
300    119 หน้า :^bภาพประกอบ
650  7 การดูแลทารกในครรภ์
945    ^p90^l0^i24836
995    กัณชพร
999    ^aใช้งานได้ทุกระบบ
รายการนี้ยังไม่มีแท็ก
คุณยังไม่ได้ล็อกอิน คุณสามารถมีกิจกรรมร่วมกับเว็บไซต์ได้ แต่ต้องล็อกอินก่อน ::
  ล็อกอิน

รายการสื่อสารสนเทศ

ลำดับที่ ประเภท เลขเรียก/บาร์โค้ด สถานที่ สถานะ
- ไม่พบข้อมูล -

รายการใกล้เคียง
    ผู้แต่ง [ชัยรัตน์ ปัณฑุรอัมพร]

    หัวเรื่อง [การดูแลทารกในครรภ์]

BibComment


ยังไม่เคยถูกคอมเมนท์

คอมเมนท์ทรัพยากรรายการนี้
  คอมเมนท์: ลูกฉลาดได้ตั้งแต่..


 Copyright 2026. Bcnsprnw @Library